[Event "Moscow Open 2018 F"]
[Site "?"]
[Date "2018.02.03"]
[Round "9.6"]
[White "Shapkin, Anatoliy"]
[Black "Gorovenko, Darya"]
[Result "1-0"]
[BlackElo "2098"]
[WhiteElo "2278"]
[LiveChessVersion "1.4.8"]

1. d4 {[%clk 1:26:58]} Nf6 {[%clk 1:30:53]} 2. c4 {[%clk 1:27:25]} g6
{[%clk 1:31:15]} 3. Nc3 {[%clk 1:27:53]} Bg7 {[%clk 1:31:39]} 4. e4
{[%clk 1:28:20]} d6 {[%clk 1:32:04]} 5. Nf3 {[%clk 1:28:47]} O-O {[%clk 1:32:26]}
6. Be2 {[%clk 1:29:15]} Nbd7 {[%clk 1:32:48]} 7. O-O {[%clk 1:29:39]} e5
{[%clk 1:33:12]} 8. d5 {[%clk 1:30:06]} Nc5 {[%clk 1:33:31]} 9. Qc2
{[%clk 1:30:32]} a5 {[%clk 1:33:54]} 10. Bg5 {[%clk 1:30:58]} h6 {[%clk 1:34:18]}
11. Be3 {[%clk 1:31:27]} b6 {[%clk 1:34:41]} 12. Nd2 {[%clk 1:31:32]} Ng4
{[%clk 1:34:04]} 13. Bxg4 {[%clk 1:30:50]} Bxg4 {[%clk 1:34:28]} 14. b3
{[%clk 1:28:42]} Bd7 {[%clk 1:34:10]} 15. a3 {[%clk 1:28:31]} Na6
{[%clk 1:34:21]} 16. Rab1 {[%clk 1:28:15]} f5 {[%clk 1:34:29]} 17. f3
{[%clk 1:27:56]} f4 {[%clk 1:34:51]} 18. Bf2 {[%clk 1:28:23]} g5 {[%clk 1:33:14]}
19. b4 {[%clk 1:27:37]} g4 {[%clk 1:30:40]} 20. bxa5 {[%clk 1:25:12]} bxa5
{[%clk 1:31:02]} 21. fxg4 {[%clk 1:22:31]} h5 {[%clk 1:26:11]} 22. g5
{[%clk 1:20:31]} Qxg5 {[%clk 1:24:14]} 23. Nf3 {[%clk 1:20:46]} Qg6
{[%clk 1:20:16]} 24. c5 {[%clk 1:18:55]} Bf6 {[%clk 1:19:18]} 25. Kh1
{[%clk 1:18:33]} Kh8 {[%clk 1:14:24]} 26. cxd6 {[%clk 1:17:43]} cxd6
{[%clk 1:14:48]} 27. Rb6 {[%clk 1:17:47]} Rg8 {[%clk 1:13:02]} 28. Be1
{[%clk 1:14:04]} Bg7 {[%clk 1:06:44]} 29. Qe2 {[%clk 1:08:28]} Nc5
{[%clk 1:05:57]} 30. Nh4 {[%clk 1:08:16]} Qh6 {[%clk 1:05:55]} 31. Nb5
{[%clk 1:04:41]} Ra6 {[%clk 0:58:41]} 32. Rxa6 {[%clk 1:03:24]} Nxa6
{[%clk 0:59:06]} 33. Bxa5 {[%clk 1:03:01]} Nc5 {[%clk 0:59:13]} 34. Bb4
{[%clk 0:51:06]} Bxb5 {[%clk 0:54:06]} 35. Qxb5 {[%clk 0:51:31]} Nxe4
{[%clk 0:54:32]} 36. Qe2 {[%clk 0:48:54]} Qh7 {[%clk 0:49:03]} 37. Re1
{[%clk 0:46:43]} Bf6 {[%clk 0:45:05]} 38. Qxe4 {[%clk 0:46:14]} Bxh4
{[%clk 0:45:29]} 39. Bxd6 {[%clk 0:46:27]} Qxe4 {[%clk 0:43:58]} 40. Rxe4
{[%clk 0:46:43]} Rc8 {[%clk 0:43:49]} 41. Bxe5+ {[%clk 0:47:00]} Kh7
{[%clk 0:44:13]} 42. Bxf4 {[%clk 0:47:23]} Rc3 {[%clk 0:43:38]} 43. g3
{[%clk 0:47:42]} Bd8 {[%clk 0:43:49]} 44. a4 {[%clk 0:47:45]} h4 {[%clk 0:44:01]}
45. gxh4 {[%clk 0:48:00]} 1-0

[Event "Moscow Open 2018 F"]
[Site "?"]
[Date "2018.02.03"]
[Round "9.7"]
[White "Jaiswal, Rupesh"]
[Black "Yakovlev, Egor"]
[Result "1/2-1/2"]
[BlackElo "2232"]
[WhiteElo "2152"]
[LiveChessVersion "1.4.8"]

1. d4 {[%clk 1:30:58]} Nf6 {[%clk 1:30:30]} 2. Nf3 {[%clk 1:31:21]} c5
{[%clk 1:29:23]} 3. c3 {[%clk 1:31:11]} b6 {[%clk 1:28:46]} 4. Bf4
{[%clk 1:31:27]} g6 {[%clk 1:28:51]} 5. e3 {[%clk 1:31:40]} Bg7 {[%clk 1:29:17]}
6. h3 {[%clk 1:31:37]} O-O {[%clk 1:29:39]} 7. Nbd2 {[%clk 1:31:48]} d6
{[%clk 1:28:36]} 8. Be2 {[%clk 1:31:17]} Bb7 {[%clk 1:28:54]} 9. O-O
{[%clk 1:31:41]} Re8 {[%clk 1:28:59]} 10. a4 {[%clk 1:28:30]} a6 {[%clk 1:27:25]}
11. Re1 {[%clk 1:25:18]} Nbd7 {[%clk 1:27:05]} 12. Bh2 {[%clk 1:22:54]} Bc6
{[%clk 1:23:28]} 13. Qc2 {[%clk 1:18:55]} b5 {[%clk 1:22:33]} 14. axb5
{[%clk 1:16:19]} axb5 {[%clk 1:21:09]} 15. dxc5 {[%clk 1:16:37]} Nxc5
{[%clk 1:20:45]} 16. Nd4 {[%clk 1:15:52]} Qb6 {[%clk 1:20:01]} 17. Nxc6
{[%clk 1:14:49]} Qxc6 {[%clk 1:20:26]} 18. Rxa8 {[%clk 1:10:01]} Rxa8
{[%clk 1:20:44]} 19. Bf3 {[%clk 1:09:37]} d5 {[%clk 1:20:25]} 20. Be5
{[%clk 0:58:04]} Ncd7 {[%clk 1:15:23]} 21. Bh2 {[%clk 0:58:25]} Nc5
{[%clk 1:15:49]} 22. Be5 {[%clk 0:58:51]} Ncd7 {[%clk 1:16:15]} 23. Bh2
{[%clk 0:59:10]} Nc5 {[%clk 1:16:40]} 24. Be5 {[%clk 0:59:31]} Ncd7
{[%clk 1:17:04]} 1/2-1/2

[Event "Moscow Open 2018 F"]
[Site "?"]
[Date "2018.02.03"]
[Round "9.8"]
[White "Meyer, Henrik"]
[Black "Badalyan, Shavarsh"]
[Result "0-1"]
[BlackElo "2172"]
[WhiteElo "2086"]
[LiveChessVersion "1.4.8"]

1. e4 {[%clk 1:23:24]} c5 {[%clk 1:30:48]} 2. Nf3 {[%clk 1:23:48]} e6
{[%clk 1:31:04]} 3. d4 {[%clk 1:24:13]} cxd4 {[%clk 1:31:25]} 4. Nxd4
{[%clk 1:24:39]} a6 {[%clk 1:31:48]} 5. Nc3 {[%clk 1:25:05]} Qc7 {[%clk 1:32:07]}
6. g3 {[%clk 1:25:30]} Bb4 {[%clk 1:31:58]} 7. Bd2 {[%clk 1:25:46]} Nc6
{[%clk 1:30:13]} 8. Nb3 {[%clk 1:26:00]} Be7 {[%clk 1:25:30]} 9. Bg2
{[%clk 1:26:22]} b5 {[%clk 1:24:59]} 10. O-O {[%clk 1:22:59]} Bb7
{[%clk 1:24:45]} 11. Qe2 {[%clk 1:18:44]} d6 {[%clk 1:22:02]} 12. f4
{[%clk 1:16:16]} Nf6 {[%clk 1:20:01]} 13. a3 {[%clk 1:12:34]} O-O
{[%clk 1:15:00]} 14. g4 {[%clk 1:08:28]} Nd7 {[%clk 1:12:01]} 15. g5
{[%clk 1:08:03]} Nc5 {[%clk 1:07:10]} 16. Be3 {[%clk 1:08:16]} b4
{[%clk 1:02:27]} 17. axb4 {[%clk 1:06:23]} Nxb3 {[%clk 1:02:47]} 18. cxb3
{[%clk 1:06:47]} Nxb4 {[%clk 1:02:35]} 19. Rf3 {[%clk 1:05:34]} f5
{[%clk 0:59:36]} 20. Rh3 {[%clk 1:04:01]} g6 {[%clk 0:59:52]} 21. Qf2
{[%clk 0:57:24]} Rf7 {[%clk 0:55:51]} 22. exf5 {[%clk 0:55:18]} Rxf5
{[%clk 0:54:05]} 23. Bb6 {[%clk 0:47:27]} Qd7 {[%clk 0:53:38]} 24. Ra4
{[%clk 0:41:26]} Nd5 {[%clk 0:51:43]} 25. Nxd5 {[%clk 0:40:25]} Bxd5
{[%clk 0:52:08]} 26. Rc3 {[%clk 0:35:00]} Bxg5 {[%clk 0:45:30]} 27. Bxd5
{[%clk 0:31:26]} exd5 {[%clk 0:45:34]} 28. Rc7 {[%clk 0:26:52]} Qe6
{[%clk 0:44:49]} 29. Qe3 {[%clk 0:22:49]} Re5 {[%clk 0:43:31]} 30. Qg3
{[%clk 0:19:14]} Re1+ {[%clk 0:42:31]} 31. Kg2 {[%clk 0:19:34]} Bd8
{[%clk 0:39:39]} 32. Bf2 {[%clk 0:17:51]} Re2 {[%clk 0:38:30]} 33. Rb7
{[%clk 0:15:33]} Bf6 {[%clk 0:37:46]} 34. f5 {[%clk 0:13:35]} Qxf5
{[%clk 0:37:37]} 35. Rf4 {[%clk 0:13:57]} Qe6 {[%clk 0:37:25]} 36. Qf3
{[%clk 0:12:59]} Rf8 {[%clk 0:37:31]} 37. Kf1 {[%clk 0:09:42]} Re4
{[%clk 0:37:33]} 38. Rxe4 {[%clk 0:08:24]} dxe4 {[%clk 0:37:55]} 39. Qe3
{[%clk 0:07:58]} Bh4 {[%clk 0:38:10]} 40. Qh6 {[%clk 0:07:43]} Rxf2+
{[%clk 0:38:34]} 41. Ke1 {[%clk 0:07:46]} Rxh2+ {[%clk 0:38:22]} 42. Kd1
{[%clk 0:07:51]} Qg4+ {[%clk 0:38:43]} 0-1

[Event "Moscow Open 2018 F"]
[Site "?"]
[Date "2018.02.03"]
[Round "9.9"]
[White "Borisenko, Viacheslav"]
[Black "Grigoryeva, Olga A."]
[Result "1/2-1/2"]
[BlackElo "2171"]
[WhiteElo "2330"]
[LiveChessVersion "1.4.8"]

1. e4 {[%clk 1:08:19]} e6 {[%clk 1:30:54]} 2. d4 {[%clk 1:06:04]} d5
{[%clk 1:31:19]} 3. e5 {[%clk 1:06:12]} c5 {[%clk 1:31:38]} 4. dxc5
{[%clk 1:06:40]} Nc6 {[%clk 1:31:43]} 5. Nf3 {[%clk 1:06:55]} Bxc5
{[%clk 1:31:58]} 6. Bd3 {[%clk 1:07:23]} Nge7 {[%clk 1:28:22]} 7. O-O
{[%clk 1:05:39]} Ng6 {[%clk 1:27:29]} 8. Qe2 {[%clk 1:04:26]} Qc7
{[%clk 1:25:36]} 9. Bxg6 {[%clk 1:01:03]} hxg6 {[%clk 1:26:00]} 10. c3
{[%clk 1:01:13]} a5 {[%clk 1:11:42]} 11. Bf4 {[%clk 0:48:11]} b6 {[%clk 1:08:47]}
12. Re1 {[%clk 0:48:12]} Ba6 {[%clk 1:01:27]} 13. Qd1 {[%clk 0:43:35]} Rd8
{[%clk 0:59:54]} 14. Nbd2 {[%clk 0:41:12]} d4 {[%clk 0:37:22]} 15. Ne4
{[%clk 0:38:02]} dxc3 {[%clk 0:37:19]} 16. Nd6+ {[%clk 0:33:01]} Kf8
{[%clk 0:37:13]} 17. bxc3 {[%clk 0:29:04]} Nxe5 {[%clk 0:33:32]} 18. Nxe5
{[%clk 0:25:40]} Bxd6 {[%clk 0:33:18]} 19. Qg4 {[%clk 0:21:37]} Rh5
{[%clk 0:27:40]} 20. Rad1 {[%clk 0:21:41]} Bxe5 {[%clk 0:21:00]} 21. Bxe5
{[%clk 0:20:43]} Rxd1 {[%clk 0:14:14]} 22. Qxd1 {[%clk 0:20:49]} Qc8
{[%clk 0:14:07]} 23. Qd4 {[%clk 0:17:48]} Kg8 24. Bxg7 Rd5 25. Qf6 Rf5
{[%clk 0:13:46]} 1/2-1/2

[Event "Moscow Open 2018 F"]
[Site "?"]
[Date "2018.02.03"]
[Round "9.10"]
[White "Chernyavsky, Alexander"]
[Black "Arutyunova, Asya"]
[Result "1/2-1/2"]
[BlackElo "2115"]
[WhiteElo "2326"]
[LiveChessVersion "1.4.8"]

1. d4 Nf6 {[%clk 1:15:38]} 2. c4 {[%clk 1:31:23]} e5 {[%clk 1:16:02]} 3. Nf3
{[%clk 1:31:10]} exd4 {[%clk 1:14:08]} 4. Nxd4 {[%clk 1:31:34]} d5
{[%clk 1:14:28]} 5. cxd5 {[%clk 1:26:58]} Nxd5 {[%clk 1:14:33]} 6. g3
{[%clk 1:26:53]} Bc5 {[%clk 1:09:25]} 7. Nb3 {[%clk 1:25:09]} Bb4+
{[%clk 1:08:53]} 8. Bd2 {[%clk 1:25:21]} Bxd2+ {[%clk 1:05:56]} 9. Qxd2
{[%clk 1:19:56]} O-O {[%clk 1:06:13]} 10. Bg2 {[%clk 1:19:59]} Nb6
{[%clk 1:06:16]} 11. O-O {[%clk 1:19:40]} Na6 {[%clk 1:05:51]} 12. Nc3
{[%clk 1:17:51]} c6 {[%clk 1:05:20]} 13. Rad1 {[%clk 1:17:34]} Be6
{[%clk 1:01:26]} 14. Nd4 {[%clk 1:16:55]} Bd7 {[%clk 0:56:37]} 15. e4
{[%clk 1:15:53]} Qe7 {[%clk 0:53:49]} 16. h3 {[%clk 1:13:59]} Rad8
{[%clk 0:54:08]} 17. Qc1 {[%clk 1:13:13]} Qc5 {[%clk 0:51:33]} 18. Nb3
{[%clk 1:07:34]} Qh5 {[%clk 0:51:19]} 19. g4 {[%clk 1:05:41]} Qh4
{[%clk 0:51:15]} 20. Nd4 {[%clk 1:06:06]} Qe7 {[%clk 0:48:54]} 21. f4
{[%clk 1:01:38]} Qc5 {[%clk 0:47:24]} 22. Nce2 {[%clk 1:01:12]} Qxc1
{[%clk 0:46:52]} 23. Rxc1 {[%clk 1:01:32]} c5 {[%clk 0:47:12]} 24. Nb3
{[%clk 1:01:49]} Bb5 {[%clk 0:47:17]} 25. Rf2 {[%clk 1:01:17]} Na4
{[%clk 0:46:24]} 26. Nc3 {[%clk 0:57:26]} Nxc3 {[%clk 0:46:47]} 27. bxc3
{[%clk 0:57:45]} b6 {[%clk 0:46:47]} 28. e5 {[%clk 0:57:50]} Nc7 {[%clk 0:46:22]}
29. Nd2 {[%clk 0:54:10]} f6 {[%clk 0:44:27]} 30. exf6 Rxf6 {[%clk 0:44:49]} 31.
Ne4 {[%clk 0:53:29]} Rff8 {[%clk 0:44:06]} 32. f5 {[%clk 0:52:41]} Bc6
{[%clk 0:43:55]} 33. g5 {[%clk 0:52:37]} Bxe4 {[%clk 0:43:05]} 34. Bxe4
{[%clk 0:52:44]} Rde8 {[%clk 0:42:26]} 35. Rf4 {[%clk 0:46:46]} Re5
{[%clk 0:40:38]} 36. Rh4 {[%clk 0:42:40]} g6 {[%clk 0:40:16]} 37. Rd1
{[%clk 0:36:21]} gxf5 {[%clk 0:39:37]} 38. Bc2 {[%clk 0:36:47]} Re7
{[%clk 0:37:56]} 39. Rh6 {[%clk 0:35:42]} Kg7 {[%clk 0:36:58]} 40. h4
{[%clk 0:30:57]} Nb5 {[%clk 0:36:12]} 41. Rd3 {[%clk 0:28:12]} c4
{[%clk 0:35:36]} 42. Rf3 {[%clk 0:28:21]} Re5 {[%clk 0:35:58]} 43. Rc6
{[%clk 0:25:16]} Na3 {[%clk 0:35:30]} 44. Rc7+ {[%clk 0:25:27]} Kg8
{[%clk 0:32:31]} 45. Bd1 {[%clk 0:25:14]} Rf7 {[%clk 0:29:20]} 46. Rc8+
{[%clk 0:25:00]} Rf8 {[%clk 0:29:27]} 47. Rc7 {[%clk 0:25:26]} 1/2-1/2

[Event "Moscow Open 2018 F"]
[Site "?"]
[Date "2018.02.03"]
[Round "9.11"]
[White "Orekhovsky, Vasily"]
[Black "Vasilyev, Vasily"]
[Result "0-1"]
[BlackElo "2299"]
[WhiteElo "2150"]
[LiveChessVersion "1.4.8"]

1. e4 {[%clk 1:30:59]} c5 {[%clk 1:30:51]} 2. Nf3 {[%clk 1:30:50]} d6
{[%clk 1:31:15]} 3. d4 cxd4 {[%clk 1:31:36]} 4. Nxd4 {[%clk 1:28:42]} Nf6
{[%clk 1:31:55]} 5. Nc3 {[%clk 1:29:09]} a6 {[%clk 1:32:20]} 6. Be2
{[%clk 1:13:25]} e6 {[%clk 1:32:38]} 7. Be3 {[%clk 1:06:44]} Be7 {[%clk 1:32:43]}
8. O-O {[%clk 1:06:50]} b5 {[%clk 1:20:09]} 9. a3 {[%clk 1:07:17]} Bb7
{[%clk 1:19:27]} 10. f3 {[%clk 1:06:12]} O-O {[%clk 1:19:36]} 11. Qe1
{[%clk 1:01:55]} Nbd7 {[%clk 1:17:34]} 12. g4 {[%clk 1:00:07]} Nb6
{[%clk 1:14:36]} 13. Qf2 {[%clk 0:45:10]} Nc4 {[%clk 1:12:31]} 14. Bxc4
{[%clk 0:44:18]} bxc4 {[%clk 1:10:45]} 15. b4 {[%clk 0:44:07]} cxb3
{[%clk 1:09:08]} 16. cxb3 {[%clk 0:44:22]} Rc8 {[%clk 1:09:13]} 17. Na4
{[%clk 0:32:13]} Nd7 {[%clk 1:09:09]} 18. Rfc1 {[%clk 0:19:38]} Rxc1+
{[%clk 1:07:43]} 19. Rxc1 {[%clk 0:20:00]} d5 {[%clk 1:08:05]} 20. exd5
{[%clk 0:19:27]} Bxd5 {[%clk 1:08:29]} 21. b4 {[%clk 0:18:51]} Ne5
{[%clk 1:05:35]} 22. Qe2 {[%clk 0:18:23]} Bd6 {[%clk 1:04:42]} 23. Nc3
{[%clk 0:13:31]} Bb7 {[%clk 0:52:11]} 24. Nb1 {[%clk 0:13:48]} Bb8
{[%clk 0:50:26]} 25. Nd2 {[%clk 0:13:34]} Ba7 {[%clk 0:48:48]} 26. N2b3
{[%clk 0:11:55]} Qd5 {[%clk 0:44:08]} 27. Rc3 {[%clk 0:12:23]} f5
{[%clk 0:39:22]} 28. g5 {[%clk 0:05:32]} f4 {[%clk 0:26:27]} 29. Bf2
{[%clk 0:05:58]} Ng4 {[%clk 0:26:36]} 30. Nc5 {[%clk 0:03:26]} e5
{[%clk 0:26:02]} 31. Nde6 {[%clk 0:01:29]} Nxf2 {[%clk 0:24:51]} 32. Qxf2
{[%clk 0:01:12]} Rc8 {[%clk 0:25:09]} 33. Kg2 {[%clk 0:00:43]} Qxe6
{[%clk 0:25:19]} 34. Nxe6 {[%clk 0:01:05]} Bxf2 {[%clk 0:25:41]} 35. Rxc8+
{[%clk 0:00:41]} Bxc8 {[%clk 0:26:10]} 36. Nc7 {[%clk 0:00:33]} Bd4
{[%clk 0:26:27]} 37. a4 {[%clk 0:00:35]} Kf7 {[%clk 0:26:45]} 38. b5
{[%clk 0:00:54]} axb5 {[%clk 0:27:08]} 39. axb5 {[%clk 0:01:17]} Bb7
{[%clk 0:27:20]} 40. h4 {[%clk 0:01:08]} Bb6 {[%clk 0:27:39]} 41. Na6
{[%clk 0:01:36]} Bxa6 {[%clk 0:27:54]} 42. bxa6 {[%clk 0:02:04]} Kg6
{[%clk 0:28:17]} 43. Kh2 {[%clk 0:02:21]} Kf5 {[%clk 0:28:41]} 44. Kg2
{[%clk 0:02:36]} e4 {[%clk 0:29:05]} 45. fxe4+ {[%clk 0:03:02]} Kxe4
{[%clk 0:29:30]} 46. h5 {[%clk 0:03:21]} f3+ {[%clk 0:29:46]} 47. Kf1
{[%clk 0:03:45]} Kf5 {[%clk 0:30:11]} 48. h6 {[%clk 0:04:10]} gxh6
{[%clk 0:30:36]} 49. gxh6 {[%clk 0:04:38]} Kg6 {[%clk 0:31:02]} 0-1

[Event "Moscow Open 2018 F"]
[Site "?"]
[Date "2018.02.03"]
[Round "9.12"]
[White "Khangueva, Ayana"]
[Black "Derevianchenko, Ilia"]
[Result "0-1"]
[BlackElo "2282"]
[WhiteElo "2140"]
[LiveChessVersion "1.4.8"]

1. d4 {[%clk 1:25:38]} Nf6 {[%clk 1:30:15]} 2. c4 {[%clk 1:26:04]} e6
{[%clk 1:30:40]} 3. Nc3 {[%clk 1:26:30]} Bb4 {[%clk 1:30:45]} 4. e3
{[%clk 1:26:18]} O-O {[%clk 1:27:59]} 5. Nge2 {[%clk 1:26:32]} d5
{[%clk 1:28:01]} 6. a3 {[%clk 1:26:38]} Be7 {[%clk 1:28:04]} 7. Ng3
{[%clk 1:26:45]} c5 {[%clk 1:21:54]} 8. Bd3 {[%clk 1:14:18]} dxc4
{[%clk 1:22:01]} 9. Bxc4 {[%clk 1:14:44]} a6 {[%clk 1:22:25]} 10. Bd3
{[%clk 1:12:32]} cxd4 {[%clk 1:21:11]} 11. exd4 {[%clk 1:12:59]} Nc6
{[%clk 1:21:34]} 12. Nce2 {[%clk 1:01:10]} b5 {[%clk 1:20:51]} 13. b4
{[%clk 0:58:41]} Qd5 {[%clk 1:15:25]} 14. O-O {[%clk 0:54:07]} Bb7
{[%clk 1:15:46]} 15. Be3 {[%clk 0:51:44]} Rfd8 {[%clk 1:08:59]} 16. Nf4
{[%clk 0:48:24]} Qd7 {[%clk 1:09:06]} 17. d5 {[%clk 0:36:30]} exd5
{[%clk 1:08:48]} 18. Nf5 {[%clk 0:23:21]} d4 {[%clk 1:03:01]} 19. Nxg7
{[%clk 0:14:02]} dxe3 {[%clk 1:00:24]} 20. Ngh5 {[%clk 0:08:18]} Ne5
{[%clk 0:59:50]} 21. Nxf6+ {[%clk 0:04:03]} Bxf6 {[%clk 1:00:10]} 22. Nh5
{[%clk 0:03:27]} Bh8 {[%clk 0:59:03]} 23. fxe3 {[%clk 0:01:36]} Qxd3
{[%clk 0:57:21]} 24. Qe1 {[%clk 0:01:31]} Ng6 {[%clk 0:57:09]} 25. Qf2
{[%clk 0:01:12]} Rd7 {[%clk 0:56:09]} 26. Rac1 {[%clk 0:01:11]} Re8
{[%clk 0:56:03]} 27. e4 {[%clk 0:00:53]} Bd4 {[%clk 0:55:58]} 0-1

[Event "Moscow Open 2018 F"]
[Site "?"]
[Date "2018.02.03"]
[Round "9.13"]
[White "Thing, Bibek"]
[Black "Kasparov, Aram"]
[Result "1/2-1/2"]
[BlackElo "1986"]
[WhiteElo "2252"]
[LiveChessVersion "1.4.8"]

1. e4 {[%clk 1:30:32]} e6 {[%clk 1:30:12]} 2. d4 {[%clk 1:30:22]} d5
{[%clk 1:30:30]} 3. Nc3 {[%clk 1:30:46]} Nf6 {[%clk 1:30:49]} 4. Bd3
{[%clk 1:30:49]} c5 {[%clk 1:30:19]} 5. dxc5 {[%clk 1:29:59]} dxe4
{[%clk 1:28:21]} 6. Nxe4 {[%clk 1:30:04]} Nxe4 {[%clk 1:28:34]} 7. Bxe4
{[%clk 1:30:33]} Qxd1+ {[%clk 1:28:58]} 8. Kxd1 {[%clk 1:30:55]} Bxc5
{[%clk 1:29:25]} 9. Ke2 {[%clk 1:31:09]} Nd7 {[%clk 1:28:46]} 10. Be3
{[%clk 1:29:47]} Ke7 {[%clk 1:25:21]} 11. Rd1 {[%clk 1:28:59]} Bxe3
{[%clk 1:25:34]} 12. Kxe3 {[%clk 1:28:39]} f5 {[%clk 1:24:12]} 13. Bd3
{[%clk 1:26:58]} Ne5 {[%clk 1:23:43]} 14. f4 {[%clk 1:26:07]} Ng4+
{[%clk 1:13:38]} 15. Ke2 {[%clk 1:25:10]} Bd7 {[%clk 1:13:50]} 16. h3
{[%clk 1:24:38]} Nf6 {[%clk 1:13:17]} 17. Nf3 {[%clk 1:22:23]} Nh5
{[%clk 1:13:22]} 18. Ke3 {[%clk 1:21:04]} Bc6 {[%clk 1:09:58]} 19. Ne5
{[%clk 1:20:25]} Rad8 {[%clk 1:07:27]} 20. Rhg1 {[%clk 1:16:13]} Nf6
{[%clk 1:02:58]} 21. c4 {[%clk 1:14:19]} Nd7 {[%clk 1:02:17]} 22. Nxd7
{[%clk 1:11:34]} Rxd7 {[%clk 1:02:36]} 23. g4 {[%clk 1:10:54]} g6
{[%clk 1:02:56]} 24. Be2 {[%clk 1:10:30]} Rxd1 {[%clk 1:03:03]} 25. Rxd1
{[%clk 1:10:53]} fxg4 {[%clk 1:00:11]} 26. hxg4 {[%clk 1:08:56]} h5
{[%clk 1:00:18]} 27. g5 {[%clk 1:07:53]} h4 {[%clk 0:59:29]} 28. Bf3
{[%clk 1:07:27]} h3 {[%clk 0:59:17]} 29. Bxc6 {[%clk 1:07:17]} bxc6
{[%clk 0:59:36]} 30. Rh1 {[%clk 1:06:39]} e5 {[%clk 0:58:50]} 31. fxe5
{[%clk 0:36:21]} Ke6 {[%clk 0:57:41]} 32. Kf4 {[%clk 0:36:46]} h2
{[%clk 0:56:59]} 33. a3 {[%clk 0:29:41]} a5 {[%clk 0:51:42]} 34. b4
{[%clk 0:27:46]} axb4 {[%clk 0:47:24]} 35. axb4 {[%clk 0:27:48]} Rh4+
{[%clk 0:47:25]} 36. Kg3 {[%clk 0:27:30]} Rxc4 {[%clk 0:47:42]} 37. Rxh2
{[%clk 0:26:54]} Kxe5 {[%clk 0:45:53]} 38. Rb2 {[%clk 0:26:12]} Rd4
{[%clk 0:44:51]} 39. Rc2 {[%clk 0:16:17]} Rxb4 {[%clk 0:40:19]} 40. Rxc6
{[%clk 0:16:36]} Rb3+ {[%clk 0:40:44]} 41. Kg4 {[%clk 0:16:59]} Rb4+
{[%clk 0:41:13]} 42. Kg3 {[%clk 0:17:21]} Rb3+ {[%clk 0:41:39]} 43. Kg4
{[%clk 0:17:45]} Rb4+ {[%clk 0:42:03]} 44. Kg3 {[%clk 0:18:12]} Rb3+
{[%clk 0:42:25]} 1/2-1/2

[Event "Moscow Open 2018 F"]
[Site "?"]
[Date "2018.02.03"]
[Round "9.14"]
[White "Bykova, Anastasia"]
[Black "Tishova, Svetlana"]
[Result "0-1"]
[BlackElo "2136"]
[WhiteElo "2226"]
[LiveChessVersion "1.4.8"]

1. d4 {[%clk 1:30:58]} Nf6 {[%clk 1:17:54]} 2. c4 {[%clk 1:31:18]} e6
{[%clk 1:18:18]} 3. Nf3 {[%clk 1:31:42]} d5 {[%clk 1:18:43]} 4. g3
{[%clk 1:31:59]} Bb4+ {[%clk 1:18:47]} 5. Bd2 {[%clk 1:32:18]} Bd6
{[%clk 1:19:08]} 6. Nc3 {[%clk 1:32:33]} c6 {[%clk 1:19:21]} 7. Qc2
{[%clk 1:32:50]} O-O {[%clk 1:18:11]} 8. e4 {[%clk 1:31:39]} Be7 {[%clk 1:12:46]}
9. Bg2 {[%clk 1:26:53]} dxc4 {[%clk 1:09:21]} 10. O-O {[%clk 1:21:23]} b5
{[%clk 1:07:45]} 11. Rfe1 {[%clk 1:16:05]} Bb7 {[%clk 1:04:13]} 12. a4
{[%clk 1:15:46]} a6 {[%clk 1:04:06]} 13. axb5 {[%clk 1:05:23]} cxb5
{[%clk 1:01:42]} 14. Ng5 {[%clk 1:03:31]} g6 {[%clk 0:56:57]} 15. d5
{[%clk 0:56:52]} e5 {[%clk 0:47:32]} 16. f4 {[%clk 0:49:55]} Ng4 {[%clk 0:43:04]}
17. Nh3 {[%clk 0:48:33]} Bc5+ {[%clk 0:40:48]} 18. Kh1 {[%clk 0:48:49]} Nd7
{[%clk 0:32:03]} 19. Re2 {[%clk 0:45:52]} Kg7 {[%clk 0:18:33]} 20. Bf3
{[%clk 0:42:42]} Nh6 {[%clk 0:18:15]} 21. Rf1 {[%clk 0:40:14]} f6
{[%clk 0:17:05]} 22. g4 {[%clk 0:37:21]} Nf7 {[%clk 0:15:17]} 23. Qc1
{[%clk 0:33:00]} Bc8 {[%clk 0:12:47]} 24. f5 {[%clk 0:27:23]} g5 {[%clk 0:12:33]}
25. Ng1 {[%clk 0:27:31]} Bd4 {[%clk 0:10:33]} 26. Rg2 {[%clk 0:24:11]} Nc5
{[%clk 0:10:30]} 27. Qb1 {[%clk 0:22:10]} Bd7 {[%clk 0:07:11]} 28. Bd1
{[%clk 0:22:22]} Qb6 {[%clk 0:04:03]} 29. Nf3 {[%clk 0:20:19]} Nd6
{[%clk 0:04:18]} 30. Re1 {[%clk 0:10:06]} b4 {[%clk 0:03:38]} 31. Na2
{[%clk 0:08:31]} Nd3 {[%clk 0:03:38]} 32. Nxd4 {[%clk 0:08:33]} Nxe1
{[%clk 0:02:37]} 33. Bxe1 {[%clk 0:08:19]} exd4 {[%clk 0:01:41]} 34. Bxb4
{[%clk 0:06:11]} Rfe8 {[%clk 0:02:06]} 35. Bf3 {[%clk 0:06:18]} Nf7
{[%clk 0:01:58]} 36. Qe1 {[%clk 0:04:49]} a5 {[%clk 0:01:50]} 37. Ba3
{[%clk 0:04:39]} Qb3 {[%clk 0:00:56]} 38. Bd1 {[%clk 0:02:30]} Qxa2
{[%clk 0:01:00]} 39. Bc5 {[%clk 0:02:46]} Qb1 {[%clk 0:01:04]} 40. Bxd4
{[%clk 0:01:48]} Rxe4 {[%clk 0:01:04]} 41. Qg1 {[%clk 0:01:08]} Ree8
{[%clk 0:00:40]} 42. Rc2 {[%clk 0:00:45]} Ba4 {[%clk 0:00:56]} 43. Bxf6+
{[%clk 0:00:32]} Kg8 {[%clk 0:00:58]} 0-1

[Event "Moscow Open 2018 F"]
[Site "?"]
[Date "2018.02.03"]
[Round "9.15"]
[White "Pischasov, Alexander"]
[Black "Oguzov, Shamil"]
[Result "1-0"]
[BlackElo "2220"]
[WhiteElo "1855"]
[LiveChessVersion "1.4.8"]

1. d4 {[%clk 1:26:20]} Nf6 {[%clk 1:30:21]} 2. c4 {[%clk 1:26:17]} e6
{[%clk 1:30:46]} 3. g3 {[%clk 1:26:28]} c5 {[%clk 1:31:09]} 4. d5
{[%clk 1:26:54]} exd5 {[%clk 1:31:35]} 5. cxd5 {[%clk 1:27:22]} d6
{[%clk 1:32:00]} 6. Nc3 {[%clk 1:27:44]} g6 {[%clk 1:32:24]} 7. Bg2
{[%clk 1:28:09]} Bg7 {[%clk 1:32:44]} 8. Nf3 {[%clk 1:28:31]} O-O
{[%clk 1:33:06]} 9. O-O {[%clk 1:28:56]} a6 {[%clk 1:33:27]} 10. a4
{[%clk 1:29:21]} Re8 {[%clk 1:33:52]} 11. Bf4 {[%clk 1:29:04]} Ne4
{[%clk 1:34:15]} 12. Nxe4 {[%clk 1:29:29]} Rxe4 {[%clk 1:34:44]} 13. Nd2
{[%clk 1:29:51]} Rb4 {[%clk 1:35:10]} 14. b3 {[%clk 1:29:08]} Bxa1
{[%clk 1:35:08]} 15. Qxa1 {[%clk 1:29:36]} g5 {[%clk 1:35:32]} 16. Be3
{[%clk 1:29:55]} Qe7 {[%clk 1:35:41]} 17. Qc1 {[%clk 1:14:11]} b5
{[%clk 1:22:25]} 18. Bxc5 {[%clk 1:01:21]} dxc5 {[%clk 1:22:40]} 19. d6
{[%clk 1:01:46]} Qxd6 {[%clk 1:20:30]} 20. Bxa8 {[%clk 1:02:04]} Nc6
{[%clk 1:11:19]} 21. Bxc6 {[%clk 0:41:24]} Qxc6 {[%clk 1:09:03]} 22. axb5
{[%clk 0:41:48]} axb5 {[%clk 1:06:32]} 23. Nf3 {[%clk 0:42:05]} h6
{[%clk 0:39:15]} 24. Rd1 {[%clk 0:40:17]} Bf5 {[%clk 0:24:45]} 25. Rd8+
{[%clk 0:40:23]} Kh7 {[%clk 0:11:04]} 26. Qa1 {[%clk 0:40:34]} f6
{[%clk 0:09:00]} 27. Qa7+ {[%clk 0:40:15]} Kg6 {[%clk 0:09:29]} 28. Rg8+
{[%clk 0:36:42]} Kh5 {[%clk 0:09:58]} 29. Qf7+ {[%clk 0:37:01]} Kg4
{[%clk 0:10:27]} 30. Kg2 {[%clk 0:36:33]} Bd7 {[%clk 0:06:25]} 31. Qg6
{[%clk 0:36:34]} 1-0